Vykazovanie poistného na zdravotné poistenie za zamestnancov so zdravotným postihnutím

Zamestnávateľ ako platiteľ poistného je povinný vykazovať preddavky na poistné za každý kalendárny mesiac, za ktorý odvádza poistné. Spôsob a formu vykazovania preddavkov na poistné upravuje vyhláška MZ SR č. 159/2018 Z. z. o podrobnostiach o vykazovaní preddavkov na poistné na verejné zdravotné poi...

Full description

Saved in:
Bibliographic Details
Main Author: Matlovičová, Iveta
Format: Book Chapter
Language:Slovak
Subjects:
Tags: Add Tag
No Tags, Be the first to tag this record!

MARC

LEADER 00000naa a2200000 4500
001 0299739
005 20240417075308.8
041 0 |a slo 
044 |a SK 
245 1 0 |a Vykazovanie poistného na zdravotné poistenie za zamestnancov so zdravotným postihnutím  |c Iveta Matlovičová 
520 |a Zamestnávateľ ako platiteľ poistného je povinný vykazovať preddavky na poistné za každý kalendárny mesiac, za ktorý odvádza poistné. Spôsob a formu vykazovania preddavkov na poistné upravuje vyhláška MZ SR č. 159/2018 Z. z. o podrobnostiach o vykazovaní preddavkov na poistné na verejné zdravotné poistenie a o ročnom zúčtovaní poistného. 
610 2 0 |a poistenie zdravotné 
610 2 0 |a poistné 
610 2 0 |a preddavky 
610 2 0 |a zamestnanci 
610 2 0 |a osoby zdravotne postihnuté 
610 2 0 |a povinnosti zamestnávateľov 
610 2 0 |a vyhlášky 
100 1 |a Matlovičová, Iveta